| 000 | 01642nam0a22003371 4500 | ||
|---|---|---|---|
| 001 | rc\3732012 | ||
| 005 | 20130115154007.7 | ||
| 021 |
_aRU _b[72-1000] |
||
| 035 | _a(NLR Aleph) 007866242 | ||
| 090 |
_a7828439 _c7828439 |
||
| 100 | _a20130115d1971 |||y0rusy50 ca | ||
| 101 | 0 | _arus | |
| 102 | _aRU | ||
| 105 | _ay z ||||| | ||
| 200 | 1 |
_aСовершенствование контроля за использованием материальных ресурсов и улучшение производственно-технического нормирования расхода материала _fМ-во пром. стр-ва СССР. Гл. техн. упр. ЦБНТИ |
|
| 210 |
_aМосква _cБ. и. _d1971 |
||
| 215 |
_a63 с. _d21 |
||
| 225 | 1 | _aОбзорная информация | |
| 300 | _aНа 2-й с. обл. сост.: Малыгин Г.Ф., Прокопенко В.Г., Евдокимов Д.К. и др. | ||
| 320 | _aСписок лит.: с. 62 (12 назв.) | ||
| 606 |
_aСтроительные материалы _xНормирование расхода _2psbo |
||
| 606 |
_aСтроительные организации _xРежим экономии _2psbo |
||
| 702 | 1 |
_aПрокопенко _bВ. Г. _4220 |
|
| 702 | 1 |
_aЕвдокимов _bД. К. _4220 |
|
| 702 | 1 |
_aМалыгин _bГ. Ф. _4220 |
|
| 712 | 0 | 1 |
_aСССР _bМинистерство промышленного строительства _bТехническое управление _3RU\NLR\AUTH\8810144045 |
| 801 | 0 |
_aRU _bNLR _gpsbo |
|
| 801 | 1 |
_aRU _bELAR _2rusmarc |
|
| 852 |
_aNLR _j72-4/9567 |
||
| 942 | _cBOOK | ||
| 980 | _aNB | ||